[Event "New York Spring IM-C"]
[Site "New York"]
[Date "2023.04.05"]
[Round "1"]
[White "Rama, Tejas"]
[Black "Lee, Justin"]
[Result "1/2-1/2"]
[WhiteElo "2190"]
[BlackElo "2232"]
[PlyCount "89"]
[EventDate "2023.04.05"]
[EventType "tourn"]
[EventRounds "9"]
[EventCountry "USA"]
[SourceTitle "CBM 213 Extra"]
[Source "ChessBase"]
[SourceDate "2023.05.31"]
[SourceVersion "1"]
[SourceVersionDate "2023.05.31"]
[SourceQuality "1"]

1. d4 d5 2. c4 c6 3. Nc3 Nf6 4. e3 e6 5. Nf3 a6 6. b3 Bb4 7. Bd2 0-0 8. Bd3 Nbd7 9. 0-0 Bd6 10. e4 dxc4 11. bxc4 e5 12. c5 Bc7 13. Na4 exd4 14. h3 h6 15. Qc2 Re8 16. Rad1 Rb8 17. Rfe1 Nh5 18. Nxd4 Ne5 19. Be2 Qh4 20. Nb6 Nf4 21. Nxc8 Nxe2+ 22. Rxe2 Rbxc8 23. Nf5 Qh5 24. Bc3 g6 25. Nd6 Bxd6 26. cxd6 Nd7 27. Ba1 b5 28. Red2 g5 29. Qc3 f6 30. Qa5 Rxe4 31. Bxf6 Nxf6 32. d7 Nxd7 33. Rxd7 Qe8 34. Rd8 Re1+ 35. Rxe1 Qxd8 36. Qxa6 Qd7 37. Rc1 Kh7 38. Qb6 Qd6 39. Qb7+ Rc7 40. Qb8 Qf4 41. Rd1 Rf7 42. Qb6 Qc4 43. a3 Qc2 44. Re1 Qd2 45. Qe3 1/2-1/2

[Event "New York Fall IM-C"]
[Site "Long Island City"]
[Date "2022.11.11"]
[Round "4"]
[White "Lee, Justin"]
[Black "Xie, Bryan"]
[Result "1/2-1/2"]
[WhiteElo "2113"]
[BlackElo "2133"]
[PlyCount "66"]
[EventDate "2022.11.09"]
[EventType "tourn"]
[EventRounds "9"]
[EventCountry "USA"]
[SourceTitle "CBM 211 Extra"]
[Source "ChessBase"]
[SourceDate "2023.01.31"]
[SourceVersion "1"]
[SourceVersionDate "2023.01.31"]
[SourceQuality "1"]

1. d4 d5 2. c4 e6 3. Nc3 Bb4 4. Nf3 dxc4 5. Qa4+ Nc6 6. a3 Bxc3+ 7. bxc3 Qd5 8. Bf4 Bd7 9. Qc2 Qa5 10. g3 Nxd4 11. Nxd4 e5 12. Bd2 exd4 13. cxd4 Qa4 14. Qe4+ Ne7 15. Bb4 Be6 16. Bg2 Nd5 17. 0-0 0-0-0 18. Rfc1 Qa6 19. Bd2 Nf6 20. Qe5 Rhe8 21. Bf4 Rd7 22. Qc5 Bd5 23. Bh3 Be6 24. Bg2 Nd5 25. Bd2 Rd6 26. Qxc4 Qxc4 27. Rxc4 Nb6 28. Rb4 a5 29. Rb2 Bd5 30. Bf4 Rc6 31. Bh3+ Be6 32. Bg2 Bd5 33. Bh3+ Be6 1/2-1/2

[Event "World op 50th"]
[Site "Philadelphia"]
[Date "2022.06.30"]
[Round "1"]
[White "Lee, Justin"]
[Black "Antipov, Mikhail Al"]
[Result "0-1"]
[WhiteElo "2122"]
[BlackElo "2597"]
[PlyCount "104"]
[EventDate "2022.06.30"]
[EventType "swiss"]
[EventRounds "9"]
[EventCountry "USA"]
[SourceTitle "CBM 209 Extra"]
[Source "ChessBase"]
[SourceDate "2022.09.30"]
[SourceVersion "1"]
[SourceVersionDate "2022.09.30"]
[SourceQuality "1"]

1. d4 Nf6 2. c4 e6 3. Nc3 Bb4 4. f3 0-0 5. a3 Bxc3+ 6. bxc3 Nc6 7. e4 Ne8 8. Bd3 b6 9. Nh3 e5 10. Be3 d6 11. Nf2 Ba6 12. 0-0 Na5 13. Qe2 Qd7 14. a4 Qe6 15. d5 Qe7 16. f4 Nb3 17. Rae1 exf4 18. Bxf4 Nc5 19. e5 dxe5 20. Bxe5 Nxd3 21. Qxd3 Qc5 22. Re4 f5 23. Rh4 Qe7 24. Qd4 Nd6 25. Rh3 Rf7 26. Bxd6 cxd6 27. Nd3 Rc8 28. Re1 Qd7 29. Qh4 h6 30. Nb2 f4 31. Re4 Qf5 32. Qe1 Kh7 33. Rf3 g5 34. Rf2 Rcc7 35. h4 Bc8 36. Nd3 Qg6 37. Nb4 gxh4 38. Rfxf4 Rxf4 39. Rxf4 Rg7 40. Qe4 Qxe4 41. Rxe4 h3 42. Re2 Bg4 43. Re3 Bd7 44. g3 Bxa4 45. Kh2 a5 46. Nd3 Bb3 47. Re8 Bxc4 48. Nf4 Ra7 49. Kxh3 a4 50. Re1 a3 51. Kg4 a2 52. Ra1 Ra5 0-1

[Event "Dulles Cherry Blossom op"]
[Site "Dulles"]
[Date "2022.05.29"]
[Round "6"]
[White "Luo, Terry"]
[Black "Lee, Justin"]
[Result "1/2-1/2"]
[WhiteElo "2168"]
[BlackElo "2115"]
[PlyCount "114"]
[EventDate "2022.05.26"]
[EventType "swiss"]
[EventRounds "9"]
[EventCountry "USA"]
[SourceTitle "CBM 208 Extra"]
[Source "ChessBase"]
[SourceDate "2022.07.31"]
[SourceVersion "1"]
[SourceVersionDate "2022.07.31"]
[SourceQuality "1"]

1. d4 d5 2. c4 c6 3. Nf3 Nf6 4. Qb3 dxc4 5. Qxc4 Bg4 6. Nbd2 Nbd7 7. g3 Qc7 8. Bg2 Rd8 9. 0-0 e5 10. Qc2 Be7 11. b3 0-0 12. Bb2 Bxf3 13. Nxf3 Bd6 14. Rad1 Rfe8 15. e4 Qa5 16. Bc3 Bb4 17. Bxb4 Qxb4 18. Nxe5 Nxe5 19. dxe5 Rxd1 20. Rxd1 Rxe5 21. f4 Re8 22. h3 Qe7 23. e5 Nd7 24. Qd2 Nf8 25. Qd6 f6 26. Qxe7 Rxe7 27. exf6 gxf6 28. Kf2 Kg7 29. Bf3 Nd7 30. g4 h6 31. h4 a5 32. Re1 Rxe1 33. Kxe1 Nc5 34. Kd2 Kf7 35. Ke3 Ke6 36. Bd1 b5 37. Bc2 Na6 38. Be4 c5 39. Bd3 Nc7 40. g5 fxg5 41. fxg5 hxg5 42. hxg5 a4 43. bxa4 bxa4 44. Ke4 Ne8 45. Bc4+ Ke7 46. Kd5 Nd6 47. Bd3 Nb7 48. Kc6 Nd8+ 49. Kb5 a3 50. Ka4 Ne6 51. g6 Kf6 52. Kxa3 Nf4 53. Bc2 Nxg6 54. Ka4 Ne5 55. Kb5 Ke7 56. Kb6 Kd6 57. a4 Nc4+ 1/2-1/2

[Event "Dulles Cherry Blossom op"]
[Site "Dulles"]
[Date "2022.05.28"]
[Round "4"]
[White "Lenderman, Aleksandr"]
[Black "Lee, Justin"]
[Result "1-0"]
[WhiteElo "2591"]
[BlackElo "2115"]
[PlyCount "59"]
[EventDate "2022.05.26"]
[EventType "swiss"]
[EventRounds "9"]
[EventCountry "USA"]
[SourceTitle "CBM 208 Extra"]
[Source "ChessBase"]
[SourceDate "2022.07.31"]
[SourceVersion "1"]
[SourceVersionDate "2022.07.31"]
[SourceQuality "1"]

1. d4 d5 2. c4 c6 3. Nf3 Nf6 4. g3 dxc4 5. Bg2 Nbd7 6. 0-0 g6 7. Qc2 Nb6 8. Nbd2 Bg7 9. e4 0-0 10. Rd1 Be6 11. b3 cxb3 12. Nxb3 Nfd7 13. Bf4 Bxb3 14. Qxb3 c5 15. Rac1 c4 16. Qb4 Nb8 17. d5 Na6 18. Qa3 Rc8 19. Bh3 Rc5 20. Be3 Rc7 21. Bf4 Rc5 22. d6 e5 23. Bg5 Bf6 24. Be3 Rc6 25. Bh6 Re8 26. d7 Re7 27. Rd6 Bg7 28. Rxc6 bxc6 29. Bxg7 Kxg7 30. Qxa6 1-0

[Event "New York Spring IM-C"]
[Site "New York"]
[Date "2022.04.18"]
[Round "9"]
[White "Antova, Gabriela"]
[Black "Lee, Justin"]
[Result "1-0"]
[WhiteElo "2282"]
[BlackElo "2104"]
[PlyCount "57"]
[EventDate "2022.04.14"]
[EventType "tourn"]
[EventRounds "9"]
[EventCountry "USA"]
[SourceTitle "CBM 207 Extra"]
[Source "ChessBase"]
[SourceDate "2022.05.31"]
[SourceVersion "1"]
[SourceVersionDate "2022.05.31"]
[SourceQuality "1"]

1. d4 d5 2. c4 c6 3. Nf3 Nf6 4. Nbd2 Bf5 5. Nh4 Be4 6. Qb3 Qc8 7. Nxe4 dxe4 8. g3 e6 9. Bh3 Nbd7 10. 0-0 Bd6 11. c5 Be7 12. f3 0-0 13. Qc2 exf3 14. Nxf3 b6 15. cxb6 axb6 16. e4 Qb7 17. e5 Nd5 18. Bg5 h6 19. Bxe7 Nxe7 20. Qe4 Nd5 21. Nd2 c5 22. Nc4 Qc6 23. Nd6 N7f6 24. Rxf6 gxf6 25. exf6 Kh8 26. Qh4 Kh7 27. Nf5 exf5 28. Bxf5+ Kh8 29. Qxh6+ 1-0

[Event "New York Spring IM-C"]
[Site "New York"]
[Date "2022.04.18"]
[Round "8"]
[White "Lee, Justin"]
[Black "Singh, Hersh"]
[Result "1/2-1/2"]
[WhiteElo "2104"]
[BlackElo "2073"]
[PlyCount "88"]
[EventDate "2022.04.14"]
[EventType "tourn"]
[EventRounds "9"]
[EventCountry "USA"]
[SourceTitle "CBM 207 Extra"]
[Source "ChessBase"]
[SourceDate "2022.05.31"]
[SourceVersion "1"]
[SourceVersionDate "2022.05.31"]
[SourceQuality "1"]

1. d4 Nf6 2. c4 e6 3. Nc3 Bb4 4. f3 0-0 5. a3 Bxc3+ 6. bxc3 Nh5 7. Nh3 f5 8. Bg5 Qe8 9. e3 d6 10. Bd3 e5 11. Kd2 h6 12. Bh4 f4 13. e4 Nc6 14. Bf2 Na5 15. Ke2 Be6 16. d5 Bd7 17. c5 Ba4 18. Qb1 Nb3 19. Ra2 dxc5 20. Rb2 b5 21. Rxb3 Bxb3 22. Bxc5 Bc4 23. Bxf8 Qxf8 24. Qb4 Bxd3+ 25. Kxd3 Qd6 26. Qxd6 cxd6 27. Rb1 a6 28. c4 Nf6 29. cxb5 axb5 30. Rxb5 Rxa3+ 31. Ke2 Ra2+ 32. Kf1 Kf7 33. Rb7+ Kf8 34. Ng1 g5 35. Ne2 Ra3 36. h3 h5 37. Rb8+ Kf7 38. Rb7+ Kg6 39. Rb6 g4 40. hxg4 hxg4 41. Rxd6 Ra1+ 42. Kf2 g3+ 43. Nxg3 fxg3+ 44. Kxg3 Kg5 1/2-1/2

[Event "New York Spring IM-C"]
[Site "New York"]
[Date "2022.04.17"]
[Round "6"]
[White "Lee, Justin"]
[Black "Ngo, Bach"]
[Result "1/2-1/2"]
[WhiteElo "2104"]
[BlackElo "2332"]
[PlyCount "145"]
[EventDate "2022.04.14"]
[EventType "tourn"]
[EventRounds "9"]
[EventCountry "USA"]
[SourceTitle "CBM 207 Extra"]
[Source "ChessBase"]
[SourceDate "2022.05.31"]
[SourceVersion "1"]
[SourceVersionDate "2022.05.31"]
[SourceQuality "1"]

1. d4 Nf6 2. c4 e6 3. Nc3 Bb4 4. f3 d5 5. a3 Bxc3+ 6. bxc3 c5 7. cxd5 Nxd5 8. Qd2 0-0 9. e4 Nb6 10. a4 f5 11. a5 N6d7 12. exf5 exf5 13. Bc4+ Kh8 14. Ne2 Nc6 15. Qa2 Qf6 16. Be3 cxd4 17. cxd4 b6 18. a6 Re8 19. Qd2 Na5 20. Bd5 Rb8 21. Kf2 Bxa6 22. Ng3 Rbc8 23. Rhc1 Qf8 24. Bf4 Nf6 25. Ba2 Bc4 26. Bxc4 Nxc4 27. Qa2 b5 28. Qxa7 Nd5 29. Be5 Nb4 30. Kg1 Nd3 31. Rd1 Ndxe5 32. dxe5 Nxe5 33. Rab1 Rc5 34. Qa3 Nc4 35. Qd3 Rce5 36. Qd4 Qf6 37. Kh1 Ne3 38. Re1 f4 39. Ne4 Qg6 40. Rb2 Rd5 41. Qb4 h6 42. Nc3 Rg5 43. Qxf4 Rxg2 44. Rxb5 Rf2 45. Qg3 Qxg3 46. hxg3 Rxf3 47. Nd5 Rxg3 48. Rb3 Re5 49. Nf4 Re4 50. Ng2 Rxg2 51. Rbxe3 Rxe3 52. Rxe3 Ra2 53. Rb3 h5 54. Rb5 g6 55. Rb7 Kg8 56. Rc7 Rf2 57. Ra7 Rf7 58. Ra6 Kg7 59. Kg2 Rf6 60. Ra5 Kh6 61. Kg3 g5 62. Rb5 h4+ 63. Kg4 Rf4+ 64. Kh3 Kh5 65. Ra5 Rf3+ 66. Kg2 Rb3 67. Rc5 h3+ 68. Kh2 Kh4 69. Rc4+ g4 70. Ra4 Rb2+ 71. Kh1 Rf2 72. Kg1 Kg3 73. Rxg4+ 1/2-1/2

[Event "Charlotte op"]
[Site "Charlotte"]
[Date "2021.12.28"]
[Round "4"]
[White "Lee, Justin"]
[Black "Jacobson, Aaron"]
[Result "1/2-1/2"]
[WhiteElo "2077"]
[BlackElo "2270"]
[PlyCount "95"]
[EventDate "2021.12.26"]
[EventType "swiss"]
[EventRounds "9"]
[EventCountry "USA"]
[SourceTitle "CBM 205 Extra"]
[Source "ChessBase"]
[SourceDate "2022.01.31"]
[SourceVersion "1"]
[SourceVersionDate "2022.01.31"]
[SourceQuality "1"]

1. d4 Nf6 2. c4 e6 3. Nc3 Bb4 4. f3 c5 5. d5 b5 6. e4 0-0 7. e5 Ne8 8. f4 exd5 9. cxd5 d6 10. Nf3 Bg4 11. Bxb5 dxe5 12. fxe5 Nc7 13. Bd3 Nxd5 14. Bd2 Nxc3 15. Bxc3 Bxc3+ 16. bxc3 Nd7 17. Be4 Bxf3 18. Qxf3 Rb8 19. Rd1 Qh4+ 20. g3 Qh3 21. Rd5 Rbe8 22. Bf5 Nxe5 23. Bxh3 Nxf3+ 24. Kf2 Ne5 25. Rb1 f6 26. Bf1 Rd8 27. Rxc5 Rd2+ 28. Ke3 Rxh2 29. Rb7 Ng4+ 30. Ke4 Re8+ 31. Kf4 h5 32. Bc4+ Kh7 33. Rxh5+ Rxh5 34. Bf7 Rc8 35. Bxh5 Rc4+ 36. Kf3 Ne5+ 37. Kg2 Ra4 38. Rb2 Nc4 39. Re2 Ra3 40. Bf7 Rxc3 41. Re4 Ne3+ 42. Kf2 Nf5 43. Rf4 Nh6 44. Bb3 Kg6 45. Rb4 Nf5 46. Be6 Nd6 47. Rg4+ Kh6 48. Rh4+ 1/2-1/2

[Event "US op 121st"]
[Site "Cherry Hill"]
[Date "2021.08.04"]
[Round "5"]
[White "Lee, Justin"]
[Black "Shabalov, Alexander"]
[Result "1/2-1/2"]
[WhiteElo "2028"]
[BlackElo "2502"]
[PlyCount "112"]
[EventDate "2021.07.31"]
[EventType "swiss"]
[EventRounds "9"]
[EventCountry "USA"]
[SourceTitle "CBM 203 Extra"]
[Source "ChessBase"]
[SourceDate "2021.09.30"]
[SourceVersion "1"]
[SourceVersionDate "2021.09.30"]
[SourceQuality "1"]

1. d4 d5 2. c4 e6 3. Nc3 Bb4 4. cxd5 exd5 5. Bf4 Nf6 6. e3 0-0 7. Bd3 c5 8. Nge2 Nc6 9. a3 cxd4 10. axb4 dxc3 11. bxc3 Bg4 12. 0-0 Re8 13. Bb5 Nh5 14. Bg3 Nxg3 15. hxg3 Qf6 16. Bxc6 Qxc6 17. Nd4 Qg6 18. Qd2 Qh6 19. Ra5 Re5 20. Rfa1 Rh5 21. f3 Bd7 22. Kf2 a6 23. Ne2 Re8 24. Nf4 Rhe5 25. Rxd5 Rxd5 26. Qxd5 Bc6 27. Qd4 Qg5 28. Rd1 h6 29. e4 a5 30. bxa5 Qxa5 31. Kg1 Rc8 32. Kh2 Re8 33. c4 Qe5 34. Qxe5 Rxe5 35. Rd8+ Kh7 36. g4 g6 37. Nd5 Kg7 38. Kg3 Re6 39. Kf4 g5+ 40. Kf5 Ba4 41. Ne3 Re7 42. e5 Bd7+ 43. Ke4 f6 44. Kd4 fxe5+ 45. Kd5 Kf7 46. Kd6 Bc6 47. Nf5 Re6+ 48. Kc5 e4 49. fxe4 Bxe4 50. Nd6+ Kg6 51. Nxe4 Rxe4 52. Rd6+ Kf7 53. Rd7+ Ke6 54. Rxb7 Rxg4 55. Rb6+ Kd7 56. Rxh6 Rxg2 1/2-1/2

[Event "Dulles Colonial op 2nd"]
[Site "Dulles"]
[Date "2021.04.03"]
[Round "3"]
[White "Lee, Justin"]
[Black "Johnson, Donald"]
[Result "1-0"]
[WhiteElo "1953"]
[BlackElo "1995"]
[PlyCount "65"]
[EventDate "2021.04.02"]
[EventType "swiss"]
[EventRounds "5"]
[EventCountry "USA"]
[SourceTitle "CBM 202 Extra"]
[Source "ChessBase"]
[SourceDate "2021.07.31"]
[SourceVersion "1"]
[SourceVersionDate "2021.07.31"]
[SourceQuality "1"]

1. e4 c5 2. Nc3 d6 3. g3 Nc6 4. Bg2 g6 5. d3 Bg7 6. Nh3 e5 7. 0-0 Nge7 8. f4 0-0 9. f5 gxf5 10. exf5 Bxf5 11. Rxf5 Nxf5 12. Be4 Nfe7 13. Bxh7+ Kxh7 14. Qh5+ Kg8 15. Ng5 Re8 16. Qxf7+ Kh8 17. Ne6 Bf8 18. Bg5 Ng8 19. Bxd8 Raxd8 20. Nxd8 Rxd8 21. Rf1 Bh6 22. Qxb7 Nge7 23. Rf7 Be3+ 24. Kh1 Rb8 25. Qd7 Kg8 26. Rxe7 Nxe7 27. Qxe7 Rxb2 28. Nd5 Bg5 29. Qxg5+ Kf7 30. Qf6+ Kg8 31. Ne7+ Kh7 32. Qg6+ Kh8 33. Qg8# 1-0